Dios, mi tierra y yo / (Record no. 148876)

MARC details
000 -LEADER
campo de control de longitud fija 00432nam a2200145 4500
001 - NÚMERO DE CONTROL
campo de control 148876
003 - IDENTIFICADOR DE NÚMERO DE CONTROL
campo de control ES-MaACL
007 - CAMPO FIJO DE DESCRIPCIÓN FÍSICA--INFORMACIÓN GENERAL
campo de control de longitud fija t|
008 - DATOS DE LONGITUD FIJA--INFORMACIÓN GENERAL
campo de control de longitud fija 070214s1954 sp r ||||1| spa d
100 1# - ENTRADA PRINCIPAL--NOMBRE DE PERSONA
Nombre de persona Suils Pérez, Angel.
9 (RLIN) 108742
245 10 - MENCIÓN DEL TÍTULO
Título Dios, mi tierra y yo /
Mención de responsabilidad, etc. Angel Suils Pérez.
260 ## - PUBLICACIÓN, DISTRIBUCIÓN, ETC.
Lugar de publicación, distribución, etc. Logroño :
Nombre del editor, distribuidor, etc. [s. n.,
Fecha de publicación, distribución, etc. 1954] (
Fabricante Artes Gráficas de Librado Notario)
300 ## - DESCRIPCIÓN FÍSICA
Extensión 132 p. ;
Dimensiones 21 cm.
852 ## - LOCALIZACIÓN
Ubicación ES-MaACL
Número de control de estantería C-8756
Sublocalización o colección R.36522
Holdings
Estatus retirado Estado de pérdida Estado de daño No para préstamo Biblioteca de origen Biblioteca actual Ubicación en estantería Fecha de adquisición Fuente de adquisición Total de préstamos Signatura topográfica completa Código de barras Visto por última vez Precio de reemplazo Tipo de ítem Koha
        Biblioteca del Ateneo de Madrid Biblioteca del Ateneo de Madrid Sala Palomar 17/01/2008     C-8756 1155359 23/02/2023 23/02/2023 Libro impreso